00475nam a2200193 a 4500001001300000003000900013005001700022008004100039020000800080082001700088100001900105245002200124260004300146300000900189500003500198505001000233650001900243700001900262nice12345678IN_TiNIC20260116011827.0050524s1906 rama grp 000 0 urd  ac400a297.822bNAJ aNajmul Ghani,  aBohron Ki Tareekh aRampurbNur-I-Jehan Publicationsc1906 a536p aincludes index and biblioraphy2 aIndex aDawoodi Bohras1 aNajmul Ghani,